|
|
|
|
| LEADER |
01199nam a22002537a 4500 |
| 001 |
BD-DhAAL |
| 003 |
BD-DhAAL |
| 005 |
20160316113022.0 |
| 008 |
160316s 2008bg ||||| |||| 00| 0 ben d |
| 020 |
|
|
|a 9847011700199
|
| 040 |
|
|
|a BD-DhAAL
|c BD-DhAAL
|
| 082 |
|
|
|a 891.44
|
| 245 |
|
|
|a রোকেয়া চিন্তার উত্তরাধিকার /
|c সম্পাদনা আনোয়ারুল্লাহ ভূঁইয়া
|
| 250 |
|
|
|a 1st ed.
|
| 260 |
|
|
|a ঢাকা :
|b রোদেলা প্রকাশনী,
|c ২০০৮
|
| 300 |
|
|
|a ৪৪৫ পৃ. ;
|c ২২ সে.মি.
|
| 541 |
|
|
|e 7124
|
| 650 |
|
|
|a Bengali Literature
|9 18549
|
| 700 |
|
|
|a ভূঁইয়া, আনোয়ারুল্লাহ
|9 18550
|
| 852 |
|
|
|a Savar Campus Library
|c General Shelf
|
| 942 |
|
|
|2 ddc
|c BK
|
| 999 |
|
|
|c 37130
|d 37130
|
| 952 |
|
|
|0 0
|1 0
|2 ddc
|4 0
|6 891_440000000000000_ROK
|7 0
|9 58398
|a SCL
|b SCL
|c GEN
|d 2016-03-16
|g 450.00
|l 6
|m 1
|o 891.44 ROK
|p 3020007124
|r 2026-05-21
|s 2024-06-10
|t 1
|w 2016-03-16
|y BK
|
| 952 |
|
|
|0 0
|1 0
|2 ddc
|4 0
|6 891_440000000000000_ROK
|7 0
|9 59045
|a SCL
|b SCL
|c GEN
|d 2016-05-25
|g 450.00
|l 7
|m 14
|o 891.44 ROK
|p 3020007123
|r 2025-08-04
|s 2025-07-30
|t 2
|w 2016-05-25
|y BK
|